Politique Française en Q - Statistiques

Statistiques générales
  • Ce quiz a été pris 104 fois
  • Le résultat moyen est 6 sur 10
Statistiques - réponses
Hint Réponse % Correct
Mandat politique de 5 ans, actuellement en vigueur pour le Président de la République Quinquennat
99%
Emission d’infodivertissement, politique et culturelle, présentée par Yann Barthès sur TMC depuis 2016 Quotidien
90%
Régime républicain en vigueur en France de 1946 à 1958 Quatrième République
89%
Ancien député La France Insoumise (LFI) du Nord condamné pour violences conjugales en 2022. Adrien Quatennens
88%
Terme utilisé pour qualifier la discrimination positive appliquée sur la marché du travail. On parle de la politique des … Quotas
70%
Séance parlementaire durant laquelle les élus exercent leur mission de contrôle du gouvernement en questionnant le chef du gouvernement et ses ministres. Questions d’actualité au gouvernement (QAG)
68%
Expression désignant la presse et les médias, mettant en avant leur influence dans le fonctionnement politique et démocratique Quatrième pouvoir
38%
Dispositif de la politique de la ville rassemblant les zones urbaines les plus pauvres, qui nécessitent des interventions de la puissance publique, plus particulièrement en termes de rénovations. Quartiers prioritaires de la politique de la ville (QPV)
30%
Terme qualifiant le nombre de présences nécessaires à une Assemblée pour qu’elle puisse délibérer Quorum
29%
Ensemble des enjeux liés aux inégalités, à la justice sociale et aux conditions de vie, qui appellent des réponses collectives pour améliorer le bien-être et la cohésion au sein d'une société. Question sociale
2%
Aucun quiz correspondant
Distribution des résultats
% des personnes avec chaque résultat
Percentile par nombre de réponses
Votre historique - résultats
Vous n’avez pas pris ce quiz